Strafreg / (Record no. 615)

MARC details
000 -LEADER
fixed length control field 00566nam a22001817a 4500
005 - DATE AND TIME OF INPUT
control field 20231114094135.0
008 - DATA ELEMENTS--GENERAL INFORMATION
fixed length control field 231114b |||||||| |||| 00| 0 eng d
020 ## - INTERNATIONAL STANDARD BOOK NUMBER
International Standard Book Number 409023019 ; 409023027
041 ## - LANGUAGE CODE
Language code of text Afrikaans
082 ## - SHELF NUMBER
DDC number 345 DEW
100 ## - MAIN AUTHOR
Main author's name De Wet, JC en Swanepoel, HL
Language of a work Afrikaans
245 ## - TITLE STATEMENT
Title Strafreg /
Statement of responsibility, etc. JC De Wet en HL Swanepoel
250 ## - EDITION STATEMENT
Edition statement Derde Uitgawe
260 ## - PUBLICATION, DISTRIBUTION, ETC.
Place of publication, distribution, etc. Durban :
Name of publisher, distributor, etc. Butterworth en Kie (Edms) Bpk,
Date of publication, distribution, etc. 1975
300 ## - PHYSICAL DESCRIPTION
Other physical details viii, 461 pages ;
Dimensions 25 cm.
650 ## - SUBJECT`
Broad subject Legal practice
Own subject terms Law
942 ## - ADDED ENTRY ELEMENTS (KOHA)
Item type Books
942 ## - ADDED ENTRY ELEMENTS (KOHA)
-- ALISON_BN_VRIES
Holdings
Source of classification or shelving scheme Not for loan Collection code Home library Current library Shelving location Date acquired Full call number Barcode Price effective from Koha item type
Dewey Decimal Classification   TEXT BOOKS LAW SOCIETY OF NAMIBIA LIBRARY - WINDHOEK LAW SOCIETY OF NAMIBIA LIBRARY - WINDHOEK Criminal law and procedures 11/14/2023 345 DEW LSN/1987/227 11/14/2023 Books